[Event "Lebu op 7th"]
[Site "Lebu"]
[Date "2018.03.31"]
[Round "4.3"]
[White "Basualto Penalieres, Pedro Jaime"]
[Black "Macia Velazquez, Marlies"]
[Result "1-0"]
[WhiteElo "2025"]
[BlackElo "2191"]
[PlyCount "95"]
[EventDate "2018.03.30"]
[EventType "swiss"]
[EventRounds "5"]
[EventCountry "CHI"]
[SourceTitle "EXT 2024"]
[Source "ChessBase"]
[SourceDate "2023.10.10"]
[SourceVersion "1"]
[SourceVersionDate "2023.10.10"]
[SourceQuality "1"]

1. e4 e5 2. Nf3 Nc6 3. d4 exd4 4. Nxd4 Nf6 5. Nc3 Bc5 6. Nxc6 bxc6 7. Bd3 0-0 8. 0-0 Re8 9. Bg5 h6 10. Bh4 Bd4 11. Re1 d6 12. Rb1 Qe7 13. h3 Rb8 14. Na4 Bd7 15. Bg3 g5 16. c3 Be5 17. Bxe5 Qxe5 18. c4 c5 19. Nc3 Bc6 20. Re3 Qd4 21. Qe2 Kg7 22. Rd1 Qe5 23. Rd2 a6 24. Bb1 Qe7 25. g3 Nd7 26. Kh2 Ne5 27. f4 gxf4 28. gxf4 Ng6 29. Rg3 Kh7 30. e5 Qh4 31. Rg4 Qh5 32. f5 Nxe5 33. Rg7+ Kxg7 34. Qxh5 Nf3+ 35. Kg3 Nxd2 36. f6+ Kxf6 37. Qxh6+ Ke7 38. Qxd2 Rg8+ 39. Kf4 Rg2 40. Qe3+ Kf8 41. b3 Re8 42. Be4 Re5 43. Kf3 Rgg5 44. Nd5 f5 45. Qf4 Ke8 46. Bc2 Rg1 47. Kf2 Ree1 48. Bd3 1-0

[Event "Lebu op 7th"]
[Site "Lebu"]
[Date "2018.03.31"]
[Round "3.5"]
[White "Macia Velazquez, Marlies"]
[Black "Palma Neira, Eliseo Maximiliano"]
[Result "1-0"]
[WhiteElo "2191"]
[BlackElo "1962"]
[PlyCount "119"]
[EventDate "2018.03.30"]
[EventType "swiss"]
[EventRounds "5"]
[EventCountry "CHI"]
[SourceTitle "EXT 2024"]
[Source "ChessBase"]
[SourceDate "2023.10.10"]
[SourceVersion "1"]
[SourceVersionDate "2023.10.10"]
[SourceQuality "1"]

1. e4 e5 2. Nf3 Nc6 3. Bb5 a6 4. Ba4 Nf6 5. 0-0 b5 6. Bb3 Be7 7. Re1 d6 8. c3 0-0 9. h3 Bb7 10. d4 exd4 11. cxd4 d5 12. e5 Ne4 13. Nbd2 Nb4 14. Qe2 c5 15. dxc5 Nxc5 16. Nd4 Nbd3 17. Rd1 Nxb3 18. N2xb3 Nxc1 19. Raxc1 Qb6 20. Nf5 Rfe8 21. Nbd4 Bf8 22. f4 g6 23. Ne3 Bc5 24. Qd2 f6 25. Ng4 fxe5 26. fxe5 Be7 27. Kh1 h5 28. Nh2 Kh7 29. Nhf3 Bf8 30. Ng5+ Kg8 31. Qf4 Re7 32. Qf6 Qxf6 33. exf6 Rd7 34. Re1 Bb4 35. Re2 Rf8 36. f7+ Rdxf7 37. Nxf7 Rxf7 38. a3 Ba5 39. b4 Bb6 40. Rd1 Kh7 41. Re6 Bc7 42. Rde1 Bd8 43. Nf3 d4 44. Nxd4 Bh4 45. R1e2 Bd5 46. Re8 Bc4 47. R2e4 Bf6 48. Nf3 Bd5 49. Re3 g5 50. Ne5 Rc7 51. Rd3 Bc6 52. Re6 Be4 53. Rxf6 Bxd3 54. Nxd3 Rc3 55. Nc5 Rxa3 56. Rxa6 Rc3 57. Rb6 g4 58. hxg4 hxg4 59. Kh2 Ra3 60. Rxb5 1-0

[Event "Havana Province-ch sf Fase 1"]
[Site "Havana"]
[Date "2010.05.14"]
[Round "6"]
[White "Macia Velazquez, Marlies"]
[Black "Rodriguez Lobeto, Boris Ernesto"]
[Result "1-0"]
[WhiteElo "2160"]
[BlackElo "2099"]
[PlyCount "121"]
[EventDate "2010.05.05"]
[EventType "swiss"]
[EventRounds "9"]
[EventCountry "CUB"]
[EventCategory "1"]
[SourceTitle "EXT 2019"]
[Source "ChessBase"]
[SourceDate "2018.10.10"]
[SourceVersion "1"]
[SourceVersionDate "2018.10.10"]
[SourceQuality "1"]

1. e4 e6 2. Qe2 Ne7 3. d3 c5 4. Be3 b6 5. g3 Nbc6 6. Bg2 g6 7. Nc3 Bg7 8. Qd2 h5 9. Nge2 a6 10. h3 Bb7 11. 0-0 Qc7 12. Na4 h4 13. c4 Nd4 14. Nac3 0-0-0 15. Bf4 Qc6 16. Nxd4 Bxd4 17. Ne2 hxg3 18. Nxd4 gxf2+ 19. Qxf2 cxd4 20. Qxd4 Rh4 21. Qd6 Qxd6 22. Bxd6 Nc6 23. Rxf7 Nd4 24. Raf1 Bc6 25. Rf8 Rxf8 26. Rxf8+ Kb7 27. Kf2 a5 28. Rg8 g5 29. Be7 Rh7 30. Bxg5 Rf7+ 31. Kg3 Ne2+ 32. Kh2 e5 33. h4 d6 34. h5 Bd7 35. h6 Kc6 36. Rg7 Rxg7 37. hxg7 Be6 38. Bh3 Bg8 39. Be3 b5 40. Bg4 Nd4 41. Bxd4 exd4 42. cxb5+ Kxb5 43. Bf5 Kb6 44. Kg3 Kc7 45. Kf4 Kd8 46. Kg5 Ke7 47. Kh6 Bxa2 48. Kh7 Kf6 49. g8Q Bxg8+ 50. Kxg8 d5 51. Kf8 dxe4 52. Bxe4 Ke6 53. Kg7 Ke7 54. Kg6 Ke6 55. Kg5 Ke5 56. Kg4 Kf6 57. Kf4 Ke6 58. Bh7 Kd5 59. Bg8+ Kc5 60. Ke4 a4 61. Bc4 1-0

[Event "Havana Province-ch sf Fase 1"]
[Site "Havana"]
[Date "2010.05.12"]
[Round "5"]
[White "Fuentes Garcia, Diosbel Enrique"]
[Black "Macia Velazquez, Marlies"]
[Result "1/2-1/2"]
[WhiteElo "2128"]
[BlackElo "2160"]
[PlyCount "60"]
[EventDate "2010.05.05"]
[EventType "swiss"]
[EventRounds "9"]
[EventCountry "CUB"]
[EventCategory "1"]
[SourceTitle "EXT 2019"]
[Source "ChessBase"]
[SourceDate "2018.10.10"]
[SourceVersion "1"]
[SourceVersionDate "2018.10.10"]
[SourceQuality "1"]

1. d4 d5 2. c4 c6 3. Nc3 Nf6 4. e3 g6 5. Nf3 Bg7 6. Be2 0-0 7. 0-0 Bg4 8. Qb3 Qb6 9. h3 Bxf3 10. Bxf3 e6 11. Rd1 Nbd7 12. e4 dxe4 13. Nxe4 Nxe4 14. Bxe4 Qxb3 15. axb3 a6 16. f4 Rad8 17. Be3 Rfe8 18. Rd2 Bf8 19. Rad1 Bb4 20. Rd3 f5 21. Bf3 Nf6 22. Bf2 Kf7 23. Bh4 Rd7 24. Kf1 Be7 25. Be1 Bd6 26. g3 Red8 27. Ba5 Bc7 28. Bxc7 Rxc7 29. Ke2 Rcd7 30. Ke3 h6 1/2-1/2

[Event "Havana Province-ch sf Fase 1"]
[Site "Havana"]
[Date "2010.05.07"]
[Round "2"]
[White "Macia Velazquez, Marlies"]
[Black "Pino Perez, Lazaro"]
[Result "1/2-1/2"]
[WhiteElo "2160"]
[BlackElo "2079"]
[PlyCount "70"]
[EventDate "2010.05.05"]
[EventType "swiss"]
[EventRounds "9"]
[EventCountry "CUB"]
[EventCategory "1"]
[SourceTitle "EXT 2019"]
[Source "ChessBase"]
[SourceDate "2018.10.10"]
[SourceVersion "1"]
[SourceVersionDate "2018.10.10"]
[SourceQuality "1"]

1. e4 e6 2. Qe2 Be7 3. Nf3 d5 4. d3 Nf6 5. g3 c5 6. Bg2 Nc6 7. 0-0 0-0 8. e5 Nd7 9. Re1 b5 10. h4 a5 11. Nbd2 b4 12. Nf1 a4 13. N1h2 Ba6 14. c4 bxc3 15. bxc3 Rb8 16. Bf4 Qa5 17. Qc2 Qb5 18. Bf1 Qb2 19. Qxa4 Bb5 20. Qb3 Ba6 21. Qxb2 Rxb2 22. Rec1 Rfb8 23. Ng4 R8b5 24. Ne3 Ra5 25. Rc2 Rb7 26. Nd1 Ra3 27. Be2 h6 28. h5 Kf8 29. Kf1 Ke8 30. Ke1 Kd8 31. Bc1 Ra4 32. Bf4 Ra3 33. Bc1 Ra4 34. Bf4 Ra3 35. Bc1 Ra4 1/2-1/2

[Event "Havana Municipal-ch 12th"]
[Site "Havana"]
[Date "2009.09.28"]
[Round "10"]
[White "Alvarez Fernandez, Carlos Rene"]
[Black "Macia Velazquez, Marlies"]
[Result "1/2-1/2"]
[WhiteElo "2054"]
[BlackElo "2092"]
[PlyCount "94"]
[EventDate "2009.09.15"]
[EventType "swiss"]
[EventRounds "11"]
[EventCountry "CUB"]
[EventCategory "1"]
[SourceTitle "EXT 2012"]
[Source "ChessBase"]
[SourceDate "2011.11.24"]
[SourceVersion "1"]
[SourceVersionDate "2011.11.24"]
[SourceQuality "1"]

1. d4 d5 2. c4 c6 3. Nc3 Nf6 4. Nf3 dxc4 5. a4 Bf5 6. e3 e6 7. Bxc4 Bb4 8. 0-0 a5 9. Bd2 0-0 10. Ne2 Bd6 11. Ng3 Bg6 12. Qb3 Qc7 13. Bd3 Na6 14. Bxg6 hxg6 15. Rfe1 Nd7 16. Ne4 Be7 17. Rac1 Nb4 18. Ng3 Rad8 19. e4 e5 20. Bxb4 Bxb4 21. Red1 exd4 22. Nxd4 Nc5 23. Qc2 Rfe8 24. Nf3 Qf4 25. e5 Qg4 26. h3 Qe6 27. Ne4 Nxe4 28. Qxe4 Qb3 29. Rxd8 Rxd8 30. Qh4 Rd1+ 31. Rxd1 Qxd1+ 32. Kh2 Qd5 33. Qd4 Qxd4 34. Nxd4 Bd2 35. Kg3 Bc1 36. b3 Bb2 37. Nf3 f6 38. Kf4 Kf7 39. exf6 gxf6 40. g4 Ke6 41. h4 b5 42. Ke4 f5+ 43. gxf5+ gxf5+ 44. Kd3 Kd5 45. h5 Bf6 46. h6 Kc5 47. axb5 cxb5 1/2-1/2

[Event "Havana Municipal-ch 12th"]
[Site "Havana"]
[Date "2009.09.18"]
[Round "3"]
[White "Jodar Arias, Marlon"]
[Black "Macia Velazquez, Marlies"]
[Result "0-1"]
[WhiteElo "2120"]
[BlackElo "2092"]
[PlyCount "90"]
[EventDate "2009.09.15"]
[EventType "swiss"]
[EventRounds "11"]
[EventCountry "CUB"]
[EventCategory "1"]
[SourceTitle "EXT 2012"]
[Source "ChessBase"]
[SourceDate "2011.11.24"]
[SourceVersion "1"]
[SourceVersionDate "2011.11.24"]
[SourceQuality "1"]

1. e4 e5 2. Nf3 Nc6 3. Bb5 a6 4. Ba4 Nf6 5. 0-0 d6 6. c3 Bd7 7. Re1 Be7 8. d4 0-0 9. Nbd2 Re8 10. Nf1 Bf8 11. Ng3 h6 12. d5 Ne7 13. Bxd7 Qxd7 14. h3 g6 15. Be3 a5 16. Qd2 Kh7 17. Nh2 Bg7 18. Rf1 Nfg8 19. Rad1 f5 20. exf5 Nxf5 21. Ne4 Nf6 22. Qc2 Rf8 23. Nf3 Nxe4 24. Qxe4 Qf7 25. g4 Ne7 26. Nh4 Qf6 27. Ng2 Qf3 28. Qxf3 Rxf3 29. Kh2 Raf8 30. Nh4 R3f7 31. Kg3 g5 32. Ng2 Rf3+ 33. Kh2 Ng6 34. Rh1 e4 35. Kg1 Ne5 36. Rd4 Rxe3 37. Nxe3 Nf3+ 38. Kf1 Nxd4 39. cxd4 Bxd4 40. Ke2 Rf3 41. h4 gxh4 42. Rxh4 Bxe3 43. fxe3 Kg6 44. g5 Kxg5 45. Rxe4 Rf7 0-1

[Event "Havana Province-ch sf"]
[Site "Havana"]
[Date "2009.08.03"]
[Round "9"]
[White "Macia Velazquez, Marlies"]
[Black "Agra Caballero, Ariel"]
[Result "0-1"]
[WhiteElo "2083"]
[BlackElo "2246"]
[PlyCount "103"]
[EventDate "2009.07.23"]
[EventType "swiss"]
[EventRounds "9"]
[EventCountry "CUB"]
[EventCategory "1"]
[SourceTitle "EXT 2018"]
[Source "ChessBase"]
[SourceDate "2017.10.13"]
[SourceVersion "1"]
[SourceVersionDate "2017.10.13"]
[SourceQuality "1"]

1. e4 c6 2. d4 d5 3. Nc3 g6 4. Nf3 Bg7 5. h3 dxe4 6. Nxe4 Nd7 7. Bc4 Ngf6 8. Qe2 0-0 9. 0-0 Nxe4 10. Qxe4 Nf6 11. Qe2 Nd5 12. Re1 Bf5 13. Bb3 a5 14. a3 a4 15. Ba2 b5 16. Bg5 Re8 17. Qd2 Qd6 18. Bh4 Rad8 19. Bg3 Qd7 20. Rad1 Qb7 21. c3 Qc8 22. Qe2 Be6 23. Bb1 Nb6 24. Ne5 Bd5 25. f4 Bb3 26. Bc2 Bxe5 27. fxe5 Bxc2 28. Qxc2 Qe6 29. Qc1 Nc4 30. Bh4 Qf5 31. Rf1 Qe4 32. Bg5 c5 33. Rde1 Qd5 34. Rf4 cxd4 35. cxd4 Rc8 36. Qb1 Qe6 37. Qe4 Red8 38. Rh4 Rd7 39. Rh6 Qd5 40. Qxd5 Rxd5 41. Bxe7 Rc6 42. Re4 Re6 43. Reh4 Rxe7 44. Rxh7 Nxe5 45. dxe5 Rexe5 46. Rh8+ Kg7 47. Rb8 Rd2 48. Kh2 Ree2 49. Rxb5 Rxg2+ 50. Kh1 Rh2+ 51. Kg1 Rc2 52. Rf4 0-1

[Event "Havana Province-ch sf"]
[Site "Havana"]
[Date "2009.08.01"]
[Round "7"]
[White "Perez Mederos, Raul"]
[Black "Macia Velazquez, Marlies"]
[Result "0-1"]
[WhiteElo "2202"]
[BlackElo "2083"]
[PlyCount "114"]
[EventDate "2009.07.23"]
[EventType "swiss"]
[EventRounds "9"]
[EventCountry "CUB"]
[EventCategory "1"]
[SourceTitle "EXT 2018"]
[Source "ChessBase"]
[SourceDate "2017.10.13"]
[SourceVersion "1"]
[SourceVersionDate "2017.10.13"]
[SourceQuality "1"]

1. e4 e5 2. Nf3 Nc6 3. Bb5 a6 4. Ba4 d6 5. c3 Bd7 6. 0-0 Nge7 7. d4 Ng6 8. d5 Nb8 9. Bxd7+ Nxd7 10. c4 Be7 11. Nc3 0-0 12. Be3 Nh4 13. Nxh4 Bxh4 14. Qg4 g6 15. Bh6 f5 16. exf5 Rxf5 17. Ne4 Be7 18. Ng3 Rf7 19. f4 exf4 20. Rxf4 Rxf4 21. Bxf4 Kh8 22. Re1 Bf6 23. Re2 Ne5 24. Bxe5 Bxe5 25. Ne4 Bd4+ 26. Kh1 Qf8 27. Ng3 Be5 28. b3 Qf7 29. Qf3 Rf8 30. Rf2 Qxf3 31. gxf3 g5 32. Kg2 Kg7 33. h3 Kg6 34. Rc2 b6 35. Re2 h5 36. Rc2 Rf4 37. Ne2 Rf7 38. Ng3 Rf8 39. Re2 Rf4 40. Re4 Rxe4 41. Nxe4 Kf5 42. Kf2 Bd4+ 43. Kg2 Kf4 44. Ng3 h4 45. Ne4 a5 46. Nf2 Bc3 47. Ne4 Bb2 48. Kf2 Bc1 49. Ke2 Bb2 50. Kf2 Bd4+ 51. Kg2 Be3 52. Nf6 Ke5 53. Ne8 b5 54. cxb5 Bb6 55. f4+ Kxf4 56. Nf6 Ke5 57. Nd7+ Kxd5 0-1